000 00218 a2200097 4500
001 58234
100 _a
245 _aWordstar instant refenrence
260 _aNew Delhi
_bBpb pub
_c1989
090 _c35731
_d35731
942 _aNUST-CAE
_cMONOGRAPH
_c28593
999 _c293307
_d293307